| 000 | 00370 a2200133 4500 | ||
|---|---|---|---|
| 999 |
_c12874 _d12874 |
||
| 008 | 240727b ||||| |||| 00| 0 eng d | ||
| 020 | _a 978-1781577462 | ||
| 082 | _a[745.61] | ||
| 100 | _aLyndsey Gribble | ||
| 245 | _aThe Calligraphy Ideas Book: Inspiration and tips taken from over 80 artworks | ||
| 260 |
_b Ilex Press _c2020 |
||
| 300 | _a176p; | ||
| 942 | _2ddc | ||